|
|
|
|
| LEADER |
00743nab a2200181 i 4500 |
| 001 |
acta35388 |
| 005 |
20210722105149.0 |
| 008 |
161017s2003 hu o 0|| hun d |
| 022 |
|
|
|a 0865-5960
|
| 040 |
|
|
|a SZTE Egyetemi Kiadványok Repozitórium
|b hun
|
| 041 |
|
|
|a hun
|
| 100 |
1 |
|
|a Petőfi Sándor János
|
| 245 |
1 |
0 |
|a William Shakespeare
|h [elektronikus dokumentum] :
|b Szonettek Justus Pál fordításában ; illusztrációk Balla Margit /
|c Petőfi Sándor János
|
| 260 |
|
|
|c 2003
|
| 300 |
|
|
|a 260-263
|
| 490 |
0 |
|
|a Szemiotikai szövegtan
|
| 695 |
|
|
|a Shakespeare William, Justus Pál, Balla Margit, Angol irodalom költészet 16-17. sz., Képvers angol
|
| 856 |
4 |
0 |
|u http://acta.bibl.u-szeged.hu/35388/1/szemiotikai_015_260-263.pdf
|z Dokumentum-elérés
|